Mołdawia - Rejony Mołdawii (Podział administracyjny Mołdawii) - Mapa - Statystyki

Ogólne statystyki
  • Ten quiz został rozwiązany 640 razy
    279 od ostatniego zresetowania
  • Średni wynik to 10 z 37
Odpowiedzi na mapie
Odpowiedzi zakodowano w zielono-czerwonej skali na mapie do tego quizu, zgodnie z poniższymi procentami.
 
Statystyki odpowiedzi
Rejon Siedziba % Poprawnych
Kiszyniów
92%
Naddniestrze Tyraspol
90%
Bielce
59%
Gagauzja
59%
Bendery
41%
Bryczany Bryczany
35%
Dubosary Cocieri / Dubosary
29%
Florești Florești
29%
Orgiejów Orgiejów
27%
Ștefan Vodă Ștefan Vodă
27%
Ungheni Ungheni
27%
Basarabeasca Basarabeasca
25%
Călărași Călărași
25%
Jedyńce Jedyńce
25%
Fălești Fălești
24%
Leova Leova
24%
Anenii Noi Anenii Noi
22%
Căușeni Căușeni
22%
Drochia Drochia
22%
Kaguł Kaguł
22%
Nisporeni Nisporeni
22%
Rezina Rezina
22%
Soroca Soroki
22%
Dondușeni Dondușeni
20%
Cantemir Cantemir
18%
Glodeni Glodeni
18%
Șoldănești Șoldănești
18%
Strășeni Straszany
18%
Taraclia Taraclia
18%
Telenești Telenești
18%
Criuleni Criuleni
16%
Ialoveni Ialoveni
16%
Ocnița Ocnița
16%
Rîșcani Rîșcani
16%
Cimișlia Cimișlia
14%
Hîncești Hîncești
14%
Sângerei Sângerei
10%
Nie znaleziono quizów pasujących do podanych kryteriów
Rozkład punktacji
Procent ludzi z każdym wynikiem
Percentyl według liczby udzielonych odpowiedzi
Twoja historia wyników
Nie rozwiązałeś tego quizu od ostatniego zresetowania